000 00840nam a2200265 a 4500
008
020 _a0415312442 (pbk. )
049 _aMAIN
090 _aHB99.7.R83
245 0 4 _aThe philosophy of Keynes's economics :
_bprobability, uncertainty and convention /
_cedited by Jochen Runde and Sohei Mizuhara.
260 _aLondon ;
_aNew York :
_bRoutledge,
_c2003.
300 _axiii, 274 p. ;
_c25 cm.
440 0 _aEconomics as social theory.
504 _aIncludes bibliographical references.
650 0 _aKeynesian economics.
650 0 _aProbabilities.
650 0 _aUncertainty.
700 1 _aMizuhara, Sohei.
700 1 _aRunde, Jochen.
907 _a.b10145680
_b20-04-12
_c05-01-05
003
005 20230123133905.0
040 _cNUST
942 _cBOOKS
_kHB99.7.R83
999 _c156375
_d156375